000 00423nam a22001697a 4500
003 IT-RoPau
005 20220918175935.0
008 121123b xxu||||| |||| 00| 0 eng d
040 _cIT-RoPau
100 _aRoatta Giovanni
_cssp
_914
245 _aPaolo, strumento di Dio
250 _a1° ed.
260 _aRoma
_bFiglie di San Paolo
_c1966
300 _a38 p.
_c15,5 cm
500 _aUso manoscritto
942 _2ddc
_cBK
999 _c37548
_d37548